Pays qui possédaient Cracovie à travers l'histoire - Statistiques

Statistiques générales
  • Ce quiz a été pris 47 fois
  • Le résultat moyen est 10 sur 15
Statistiques - réponses
Periode Pays % Correct
1939 - 1944 3e Reich
95%
1918 - 1939 Pologne
95%
1945 - Aujourd'hui Pologne
95%
966 - 1138 Royaume de Pologne
95%
1320 - 1569 Royaume de Pologne
95%
1944 - 1945 URSS
93%
1867 - 1918 Autriche-Hongrie
78%
1796 - 1806 Archiduché d'Autriche
70%
1806 - 1809 Empire d'Autriche
70%
1846 - 1867 Empire d'Autriche
70%
1138 -1320 {Duché} de Cracovie
55%
1809 - 1815 Duché de Varsovie
28%
1569 - 1796 Republique des 2 nations
28%
966 - 1101 Saint Empire Romain Germanique
28%
1815 - 1846 {Ville}-{libre} de Cracovie
23%
Aucun quiz correspondant
Distribution des résultats
% des personnes avec chaque résultat
Percentile par nombre de réponses
Votre historique - résultats
Vous n’avez pas pris ce quiz